Personálny controlling

Vymedzenie pojmu personálny kontroling. Základné nástroje personálneho kontrolingu. Výsledky personálneho kontrolingu - reporting. Zavedenie personálneho kontrolingu v organizácii. Príklad vybraných úloh personálneho kontrolingu v maloobchodných predajniach športových potrieb a športových odevov.

Gespeichert in:
Bibliographische Detailangaben
1. Verfasser: Olexová, Cecília, 1976-
Format: Buchkapitel
Sprache:Slowakisch
Schlagworte:
Tags: Tag hinzufügen
Keine Tags, Fügen Sie das erste Tag hinzu!

MARC

LEADER 00000naa a2200000 4500
001 0125736
005 20240502072431.9
041 0 |a slo 
044 |a SK 
245 1 0 |a Personálny controlling  |c Cecília Olexová 
520 |a Vymedzenie pojmu personálny kontroling. Základné nástroje personálneho kontrolingu. Výsledky personálneho kontrolingu - reporting. Zavedenie personálneho kontrolingu v organizácii. Príklad vybraných úloh personálneho kontrolingu v maloobchodných predajniach športových potrieb a športových odevov. 
610 2 0 |a práca personálna 
610 2 0 |a riadenie personálne 
610 2 0 |a kontroling 
610 2 0 |a zamestnanci 
610 2 0 |a riadenie ľudských zdrojov 
100 1 |a Olexová, Cecília, 1976-